Statistics for Champions League Clubs With Highest Winning %

Click here to take the quiz!

General Stats

  • This quiz has been taken 427 times
    (367 since last reset)
  • The average score is 20 of 27

Answer Stats

W%GPWDLClub% Correct
59,12791655460Real Madrid
100%
58,92651566346FC Barcelona
99%
57,72601505456Bayern Munich
97%
52,62301215653Manchester United
97%
54,490491625Manchester City
96%
44,8165744942AC Milan
94%
50,3177895038Chelsea
94%
44,7123553236Inter Milan
93%
50,22071045350Juventus
93%
49,2132653433Liverpool
93%
46,2132612942Borussia Dortmund
92%
54,5121662233Paris Saint-Germain
91%
46,9177834153Arsenal
90%
47,5101483023Atlético Madrid
87%
43,4198864765FC Porto
82%
44,44520916Tottenham Hotspur
82%
39,7126503442AFC Ajax
79%
42,6136583642Olympique Lyonnais
71%
47,948231114Sevilla
69%
42,942181113SSC Napoli
65%
42,9112483232Valencia
63%
50,0241239RB Leipzig
52%
40,966271524Schalke 04
39%
41,217737Atalanta
32%
56,316916VfL Wolfsburg
20%
42,3261187ACF Fiorentina
16%
44,13415811FC Girondins de Bordeaux
10%

Score Distribution

Percentile by Number Answered

Percent of People with Each Score

Your Score History

You have not taken this quiz since the last reset